| Tag |
First Indicator |
Second Indicator |
Subfields |
| LEADER |
00000cam a2200000 4500 |
| 001 |
in00001122813 |
| 005 |
20150930070710.0 |
| 008 |
791217s1927 gw 001 0 ger |
| 010 |
|
|
|a 27015774
|
| 035 |
|
|
|a (OCoLC)05805417
|
| 035 |
|
|
|9 AFV8384AM
|
| 040 |
|
|
|a DLC
|c NGA
|d TXA
|d UtOrBLW
|
| 049 |
|
|
|a TXAM
|
| 050 |
|
0 |
|a PA8030.L5
|b L4
|
| 082 |
0 |
|
|a 879.09
|
| 090 |
|
|
|a PA8030.L5
|b L4 1927
|
| 100 |
1 |
|
|a Lehmann, Paul Joachim Georg,
|d 1884-1964.
|
| 245 |
1 |
0 |
|a Pseudo-antike Literatur des Mittelalters /
|c Paul Lehmann.
|
| 264 |
|
1 |
|a Leipzig, Berlin :
|b B.G. Teubner,
|c 1927.
|
| 300 |
|
|
|a 106 pages :
|b illustrations ;
|c 24 1/2 cm.
|
| 336 |
|
|
|a text
|b txt
|2 rdacontent
|
| 337 |
|
|
|a unmediated
|b n
|2 rdamedia
|
| 338 |
|
|
|a volume
|b nc
|2 rdacarrier
|
| 490 |
1 |
|
|a Studien der Bibliothek Warburg ;
|v 13
|
| 650 |
|
0 |
|a Latin literature, Medieval and modern
|x History and criticism.
|
| 650 |
|
0 |
|a Literary forgeries and mystifications.
|
| 830 |
|
0 |
|a Studien der bibliothek Warburg ;
|v 13.
|
| 999 |
|
|
|a MARS
|
| 999 |
f |
f |
|s f421807d-fb82-3275-8f9a-d3e77b5b25cc
|i 0698f33c-2883-3789-b02f-e8807d856659
|t 0
|
| 952 |
f |
f |
|p ric
|a Texas A&M University
|b Rellis Campus
|c Joint Library Facility
|s JLF
|d Remote Storage
|t 0
|e PA8030.L5 L4 1927
|h Library of Congress classification
|i unmediated -- volume
|m A14817258001
|
| 998 |
f |
f |
|a PA8030.L5 L4 1927
|t 0
|l Remote Storage
|